000 00512nam a2200205Ia 4500
003 OSt
005 20230531093730.0
008 210423s2011 xx 000 0 und d
020 _a978-81-316-0431-1
040 _cAL
041 _aeng
082 _a362.6 DONA
100 _aMCDONALD (Lynn);SHARMA (K L).
_9117471
245 _aAgeism and elder abuse
260 _aNew Delhi
_bRawat Publications
_c2011
300 _a392
_bPB
365 _b895
_cINR
906 _aabuse ; Ageism ; elder
942 _2ddc
_cBK
999 _c176326
_d176326